000 00749nam a22002297a 4500
999 _c6139
_d6139
003 AR-CdUCM
008 190313b ||||| |||| 00| 0 spa d
040 _aMUNICIPALIDAD PROVINCIAL DEL CUSCO
_cBIBLIOTECA MUNICIPAL DEL CUSCO
082 _a869.56 /
_bT96
100 _a Twain, Mark.
_9733
245 _aViajes humorísticos /
260 _aGuayaquil :
_bAriel .Ltda.
_c1974.
300 _a138 paginas.
_c18 cm.
440 _aColección Ariel universal
_n20
_917795
500 _aDonación de la familia Nieto
505 _aUn admirable narrador de cuentos -- Al lector -- Capitulo I ...
650 _aNovela y cuentos
_917796
650 _aLiteratura Latinoamericana
_9799
650 _aEcuador
_910121
942 _2ddc
_cLIBROS
945 _awnts